Ejercicios espirituales en la Trapa de Jacona : fascículo 4, agosto 1996 : la salvación del alma /

Sábháilte in:
Sonraí bibleagrafaíochta
Príomhchruthaitheoir: Fraile, María Lázaro, Fray (autor)
Formáid: LEABHAR
Teanga:Spáinnis
Foilsithe / Cruthaithe: Michoacán, México : editorial no identificada, 1996, c1996
Clibeanna: Cuir clib leis
Níl clibeanna ann, Bí ar an gcéad duine le clib a chur leis an taifead seo!

MARC

LEADER 00000nam^a2200000^a^4500
001 000452980
005 20250526000000.0
009 20260310123850.095
037 |a Acervo Xavier Clavigero 
041 |a ESP 
091 |a FCA. 04369 
100 |a Fraile, María Lázaro,  |c Fray  |e (autor) 
245 1 0 |a Ejercicios espirituales en la Trapa de Jacona :  |b fascículo 4, agosto 1996 : la salvación del alma / 
264 4 |a Michoacán, México :  |b editorial no identificada,  |c 1996, c1996 
300 |a 16 p. ;  |c 21.0 cm. 
336 |a texto  |b txt  |2 rdacontenido 
337 |a sin mediación  |b n  |2 rdamedio 
338 |a volumen  |b nc  |2 rdasoporte 
649 |a XX 
910 |a Fondo Xavier Cacho Vázquez S.J. 
920 |a Impresos - Libros 
930 |a Libros Antiguos y Raros 
905 |a 108 
901 |a 0500362349  |b IT2  |c LRA  |u 20250526 
902 |a https://opac.biblio.iteso.mx/vufind/Record/000452980